Êtes-vous rapide ? Test de rapidité mots - Statistiques

Statistiques générales
  • Ce quiz a été pris 2 263 fois
  • Le résultat moyen est 48 sur 63
Statistiques - réponses
À écrire Réponse % Correct
Chat Chat
98%
Ecrire Ecrire
97%
Camarade Camarade
95%
Essai Essai
94%
Iguane Iguane
94%
Serpent Serpent
93%
Tombe Tombe
93%
Ecran Ecran
92%
Nid Nid
92%
Arbre Arbre
91%
Mot Mot
91%
Urubu Urubu
91%
Nombril Nombril
90%
Indien Indien
89%
Renard Renard
89%
Dindon Dindon
88%
Epi Epi
88%
Feu Feu
88%
Avant Avant
87%
Nain Nain
87%
Elephant Elephant
86%
Igloo Igloo
86%
Rouge Rouge
85%
Ecchymose Ecchymose
84%
Ecoute Ecoute
83%
Tortue Tortue
83%
Us Us
83%
Emir Emir
82%
Nez Nez
82%
Eteindre Eteindre
81%
Pinson Pinson
81%
Riz Riz
81%
Tiran Tiran
81%
Coq Coq
80%
Koala Koala
80%
Inuit Inuit
79%
Rat Rat
79%
Cambre Cambre
78%
Ecouler Écouler
78%
Uranium Uranium
77%
Origami Origami
76%
Jaguar Jaguar
75%
Panais Panais
75%
Naine Naine
74%
Etoile Etoile
72%
Non Non
72%
Pirate Pirate
72%
Exercice Exercice
71%
Nyctalope Nyctalope
71%
Diner Diner
69%
Ultrafortuné Ultrafortuné
68%
Abime Abime
66%
Tigre Tigre
65%
Nécrose Nécrose
62%
Mort Mort
57%
Nichée Nichée
56%
Ilôt Ilôt
51%
Eczéma Eczéma
50%
Ubac Ubac
50%
Ultraradical Ultraradical
50%
Télécommande Télécommande
44%
Evènement Évènement
42%
Phrase cachée (prenez toutes les lettres du début de chaque réponse) Ceci est une manière de faire tenir un JetPunker occupé pendant une minute
2%
Aucun quiz correspondant
Distribution des résultats
% des personnes avec chaque résultat
Percentile par nombre de réponses
Votre historique - résultats
Vous n’avez pas pris ce quiz